Autoimmune Diseases of the Skin Pathogenesis, Diagnosis, Management /

Autoimmune disorders of the skin remain an enigma for many clinicians and scientists not familiar with these mostly severe and chronic diseases. The book provides an overview and the latest information on the broad spectrum of cutaneous autoimmune disorders for clinicians, scientists and practitione...

Full description

Bibliographic Details
Corporate Author: SpringerLink (Online service)
Other Authors: Hertl, Michael (Editor)
Format: Electronic eBook
Language:English
Published: Vienna : Springer Vienna, 2005.
Edition:Second, revised and enlarged edition.
Subjects:
Online Access:Full Text via HEAL-Link
LEADER 03518nam a22005415i 4500
001 978-3-211-27377-7
003 DE-He213
005 20151204165637.0
007 cr nn 008mamaa
008 100301s2005 au | s |||| 0|eng d
020 |a 9783211273777  |9 978-3-211-27377-7 
024 7 |a 10.1007/b139016  |2 doi 
040 |d GrThAP 
050 4 |a RL1-803 
072 7 |a MJK  |2 bicssc 
072 7 |a MED017000  |2 bisacsh 
082 0 4 |a 616.5  |2 23 
245 1 0 |a Autoimmune Diseases of the Skin  |h [electronic resource] :  |b Pathogenesis, Diagnosis, Management /  |c edited by Michael Hertl. 
250 |a Second, revised and enlarged edition. 
264 1 |a Vienna :  |b Springer Vienna,  |c 2005. 
300 |a XVIII, 469 p. 77 illus.  |b online resource. 
336 |a text  |b txt  |2 rdacontent 
337 |a computer  |b c  |2 rdamedia 
338 |a online resource  |b cr  |2 rdacarrier 
347 |a text file  |b PDF  |2 rda 
505 0 |a Autoimmune Bullous Skin Disorders -- Pemphigus -- Bullous Pemphigoid: Clinical Features, Diagnostic Markers, and Immunopathogenic Mechanisms -- Dermatitis Herpetiformis Duhring -- Epidermolysis Bullosa Acquisita -- Pathogenesis of Autoimmune Disease -- Scleroderma -- Localized Scleroderma -- Progressive Systemic Scleroderma -- Epidemiology of Autoimmune Skin Disorders -- Lupus Erythematosus -- Chronic Cutaneous Lupus Erythematosus -- Subacute Cutaneous and Systemic Lupus Erythematosus -- Dermatomyositis -- Mixed Connective Tissue Disease -- Sjogren’s Syndrome -- Psoriasis Vulgaris and Arthopathica -- Chronic Urticaria as an Autoimmune Disease -- Lichen Planus, Lichenoid Eruptions and Cutaneous Graft-Versus-Host-Reaction -- Small Vessel Vasculitides -- Vitiligo -- Alopecia areata -- Novel Therapeutic Approaches in Autoimmune Skin Disorders. 
520 |a Autoimmune disorders of the skin remain an enigma for many clinicians and scientists not familiar with these mostly severe and chronic diseases. The book provides an overview and the latest information on the broad spectrum of cutaneous autoimmune disorders for clinicians, scientists and practitioners in dermatology, medicine, rheumatology, ENT, pediatrics and ophthalmology. The book is unique since it presents the state-of-the-art knowledge on pathophysiology, clinical diagnosis and management of these disorders provided by the world experts in the field. The primary intention is to broaden the understanding of the pathophysiology of cutaneous autoimmune disorders and to provide a practical guide to how to identify and handle these conditions. The book is illustrated with many tables, illustrative figures and clinical color photographs. The second edition has been extended by chapters on autoimmune pigmentary disorders (vitiligo), hairloss (alopecia areata) and cutaneous symptoms of rheumatic disorders. 
650 0 |a Medicine. 
650 0 |a Immunology. 
650 0 |a Dermatology. 
650 0 |a Rheumatology. 
650 0 |a Ophthalmology. 
650 0 |a Otorhinolaryngology. 
650 0 |a Pediatrics. 
650 1 4 |a Medicine & Public Health. 
650 2 4 |a Dermatology. 
650 2 4 |a Rheumatology. 
650 2 4 |a Immunology. 
650 2 4 |a Pediatrics. 
650 2 4 |a Otorhinolaryngology. 
650 2 4 |a Ophthalmology. 
700 1 |a Hertl, Michael.  |e editor. 
710 2 |a SpringerLink (Online service) 
773 0 |t Springer eBooks 
776 0 8 |i Printed edition:  |z 9783211206867 
856 4 0 |u http://dx.doi.org/10.1007/b139016  |z Full Text via HEAL-Link 
912 |a ZDB-2-SME 
950 |a Medicine (Springer-11650)